| 000 | 00523nam a2200169 a 4500 | ||
|---|---|---|---|
| 001 | 000025876 | ||
| 005 | 20200930024123.0 | ||
| 008 | 110223s1938 xxu r 000 0 spa d | ||
| 040 |
_aDO-SdBNP _bspa _cBNPHU |
||
| 082 |
_ann* _bnn* |
||
| 100 | 1 |
_aRobertson, A. T. _952724 |
|
| 245 | 1 | 0 |
_aÉpocas en la vida del apostol Juan / _cA. T. Robertson ; traducción de Sara A. Hale. |
| 260 |
_aTexas : _bCasa Bautista de Publicaciones, _c1938. |
||
| 300 |
_a255 p. ; _c20 cm. |
||
| 700 | 1 |
_aHale, Sara A., _etr. _94421 |
|
| 049 | _aBNGR | ||
| 999 |
_c25368 _d25368 |
||